000 00289nam a22001337a 4500
008 170511b xxu||||| |||| 00| 0 eng d
020 _a0314256490
041 _aeng
080 _27TH
_a343.9
100 _a15
101 _aSHJ
245 _aCRIMINAL LAW
_cJOHNSON, PH.E
942 _2udc
_cBK
999 _c13169
_d13169